000
00321nam a22001457a 4500
008
221107b ||||| |||| 00| 0 eng d
020
_a
9780323444293
041
_a
eng
080
_2
6TH EDITION
_a
616
082
_a
616BAN
100
_a
14.2
101
_a
PAT
245
_a
PATHOPHYSOLOGY
_c
BANASIK J
942
_2
udc
_c
BK
999
_c
58759
_d
58759